[Event "Vilnius School Rating"]
[Site "Vilnius"]
[Date "2011.05.06"]
[Round "5.1"]
[White "Stanzys, Almantas"]
[Black "Snezko, Marius"]
[Result "1/2-1/2"]
[WhiteElo "1758"]
[BlackElo "1768"]
[PlyCount "50"]
[EventDate "2011.04.23"]
[EventType "tourn"]
[EventRounds "10"]
[EventCountry "LTU"]
[SourceTitle "EXT 2024"]
[Source "ChessBase"]
[SourceDate "2023.10.10"]
[SourceVersion "1"]
[SourceVersionDate "2023.10.10"]
[SourceQuality "1"]

1. d4 d5 2. c4 c6 3. Nf3 Nf6 4. cxd5 cxd5 5. Nc3 Nc6 6. Bf4 e6 7. e3 Bd6 8. Bg5 Be7 9. Bd3 0-0 10. 0-0 Bd7 11. Rc1 Rc8 12. Qe2 Na5 13. Ne5 Nc6 14. f4 Kh8 15. Bxf6 Bxf6 16. Qh5 g6 17. Bxg6 fxg6 18. Nxg6+ Kg8 19. Nxf8 Qxf8 20. a3 Qf7 21. Qxf7+ Kxf7 22. Nd1 Na5 23. Rxc8 Bxc8 24. Rf2 Bd7 25. Rc2 Bd8 1/2-1/2

[Event "Vilnius School Rating"]
[Site "Vilnius"]
[Date "2011.04.23"]
[Round "1.3"]
[White "Stanzys, Almantas"]
[Black "Strazdas, Povilas"]
[Result "0-1"]
[WhiteElo "1758"]
[BlackElo "1851"]
[PlyCount "98"]
[EventDate "2011.04.23"]
[EventType "tourn"]
[EventRounds "10"]
[EventCountry "LTU"]
[SourceTitle "EXT 2024"]
[Source "ChessBase"]
[SourceDate "2023.10.10"]
[SourceVersion "1"]
[SourceVersionDate "2023.10.10"]
[SourceQuality "1"]

1. d4 Nf6 2. c4 g6 3. Nc3 d5 4. Nf3 Bg7 5. Qb3 dxc4 6. Qxc4 0-0 7. e4 c6 8. Be2 Nbd7 9. 0-0 Qc7 10. Be3 Ng4 11. Bg5 e5 12. Nd5 Qb8 13. Ne7+ Kh8 14. d5 Nb6 15. Qc5 cxd5 16. h3 dxe4 17. Nd2 Nh6 18. Nxe4 Nf5 19. Rad1 Nd4 20. Rfe1 Be6 21. Nf6 h6 22. Bh4 g5 23. Rxd4 exd4 24. Bg3 Qd8 25. Bc7 Na4 26. Qc2 d3 27. Qxa4 Qxe7 28. Bxd3 Qxf6 29. Be5 Qe7 30. Qe4 f5 31. Bxg7+ Kxg7 32. Qxe6 Qxe6 33. Rxe6 Rad8 34. Bc4 Rfe8 35. Rxe8 Rxe8 36. Kf1 Kf6 37. Be2 Rc8 38. Bd3 a6 39. Ke2 b5 40. Kd2 Ke5 41. a4 Rc5 42. axb5 axb5 43. b4 Rd5 44. g3 h5 45. Ke3 f4+ 46. gxf4+ gxf4+ 47. Ke2 h4 48. Kd2 Kd4 49. f3 Rg5 0-1

[Event "Baltija Cup op 4th"]
[Site "Palanga"]
[Date "2007.06.20"]
[Round "8"]
[White "Asauskas, Mindaugas"]
[Black "Stanzys, Almantas"]
[Result "1/2-1/2"]
[WhiteElo "1955"]
[BlackElo "1688"]
[PlyCount "28"]
[EventDate "2007.06.16"]
[EventType "swiss"]
[EventRounds "8"]
[EventCountry "LTU"]
[SourceTitle "EXT 2022"]
[Source "ChessBase"]
[SourceDate "2021.10.06"]
[SourceVersion "1"]
[SourceVersionDate "2021.10.06"]
[SourceQuality "1"]

1. e4 c6 2. d4 d5 3. Nc3 dxe4 4. Nxe4 Bf5 5. Ng3 Bg6 6. Nf3 Nd7 7. Bc4 e6 8. Bf4 Ngf6 9. c3 Nd5 10. Bxd5 cxd5 11. 0-0 Be7 12. Qd2 0-0 13. Rae1 Rc8 14. Ne5 b5 1/2-1/2

[Event "Baltija Cup op 4th"]
[Site "Palanga"]
[Date "2007.06.19"]
[Round "6"]
[White "Panzhina, Jekaterina"]
[Black "Stanzys, Almantas"]
[Result "1/2-1/2"]
[WhiteElo "1929"]
[BlackElo "1688"]
[PlyCount "66"]
[EventDate "2007.06.16"]
[EventType "swiss"]
[EventRounds "8"]
[EventCountry "LTU"]
[SourceTitle "EXT 2022"]
[Source "ChessBase"]
[SourceDate "2021.10.06"]
[SourceVersion "1"]
[SourceVersionDate "2021.10.06"]
[SourceQuality "1"]

1. d4 d5 2. Nf3 Nf6 3. c4 e6 4. Nc3 Be7 5. Bg5 h6 6. Bh4 0-0 7. e3 b6 8. h3 Bb7 9. Bxf6 Bxf6 10. cxd5 exd5 11. Bd3 c5 12. 0-0 Nc6 13. Bc2 cxd4 14. Nxd4 Nxd4 15. exd4 Qd6 16. Qd3 g6 17. a3 Qf4 18. Ne2 Qd6 19. f4 a5 20. Qf3 Ba6 21. Rad1 Rac8 22. Bb1 Rfe8 23. Bd3 Bxd3 24. Qxd3 Qd7 25. Nc3 Qd6 26. Qf3 Red8 27. g4 Rc4 28. Qf2 Qc7 29. h4 Bg7 30. Rd3 Qd7 31. f5 Rc6 32. Re3 Rc4 33. Rd1 Re8 1/2-1/2

[Event "Baltija Cup op 4th"]
[Site "Palanga"]
[Date "2007.06.17"]
[Round "3"]
[White "Stanzys, Almantas"]
[Black "Lomonosovas, Vitalijus"]
[Result "1/2-1/2"]
[WhiteElo "1688"]
[BlackElo "2143"]
[PlyCount "55"]
[EventDate "2007.06.16"]
[EventType "swiss"]
[EventRounds "8"]
[EventCountry "LTU"]
[SourceTitle "EXT 2022"]
[Source "ChessBase"]
[SourceDate "2021.10.06"]
[SourceVersion "1"]
[SourceVersionDate "2021.10.06"]
[SourceQuality "1"]

1. d4 Nf6 2. c4 e6 3. Nf3 b6 4. g3 Bb7 5. Bg2 Bb4+ 6. Bd2 Bxd2+ 7. Nbxd2 0-0 8. 0-0 c5 9. e3 cxd4 10. exd4 d5 11. Ne5 Nbd7 12. Qe2 Rc8 13. Rfd1 Qe7 14. a3 Rc7 15. b3 Rfc8 16. Qe3 Ba6 17. Rac1 Bb7 18. Ra1 dxc4 19. Bxb7 Rxb7 20. bxc4 b5 21. Rab1 a6 22. Qf3 Rcc7 23. Rb4 Qd6 24. Nxd7 Qxd7 25. cxb5 axb5 26. Ne4 Nxe4 27. Qxe4 g6 28. Rdb1 1/2-1/2

[Event "Baltija Cup op 4th"]
[Site "Palanga"]
[Date "2007.06.16"]
[Round "1"]
[White "Stanzys, Almantas"]
[Black "Slikas, Laurynas"]
[Result "1-0"]
[WhiteElo "1688"]
[BlackElo "2030"]
[PlyCount "81"]
[EventDate "2007.06.16"]
[EventType "swiss"]
[EventRounds "8"]
[EventCountry "LTU"]
[SourceTitle "EXT 2022"]
[Source "ChessBase"]
[SourceDate "2021.10.06"]
[SourceVersion "1"]
[SourceVersionDate "2021.10.06"]
[SourceQuality "1"]

1. d4 d5 2. c4 c6 3. cxd5 cxd5 4. Nf3 Nf6 5. Nc3 Nc6 6. Bf4 Bf5 7. Qb3 Na5 8. Qa4+ Bd7 9. Qd1 e6 10. e3 Nc4 11. Bxc4 dxc4 12. 0-0 Bb4 13. Ne5 b5 14. a4 Bxc3 15. bxc3 Nd5 16. Qg4 Nxf4 17. Qxf4 0-0 18. axb5 Bxb5 19. e4 f6 20. Nf3 Bc6 21. Nd2 Qd7 22. Rfd1 Qf7 23. Qe3 Qg6 24. f3 Bb5 25. d5 exd5 26. Qc5 a6 27. Qxd5+ Kh8 28. Nxc4 h6 29. Ne3 Be2 30. Rd2 Bxf3 31. Nf5 Qg5 32. Re1 Bg4 33. Ne7 f5 34. Qd6 Rfe8 35. exf5 Bxf5 36. Re5 Kh7 37. Rxf5 Qe3+ 38. Rdf2 Rxe7 39. Qd4 Qe6 40. Qd3 Rd7 41. Rd5+ 1-0

[Event "LTU-ch U20"]
[Site "Vilnius"]
[Date "2007.01.31"]
[Round "5"]
[White "Knelis, Denis"]
[Black "Stanzys, Almantas"]
[Result "1-0"]
[WhiteElo "1903"]
[BlackElo "1699"]
[PlyCount "31"]
[EventDate "2007.01.29"]
[EventType "swiss"]
[EventRounds "9"]
[EventCountry "LTU"]
[SourceTitle "EXT 2010"]
[Source "ChessBase"]
[SourceDate "2010.11.25"]
[SourceVersion "1"]
[SourceVersionDate "2010.11.25"]
[SourceQuality "1"]

1. d4 d5 2. c4 e6 3. Nc3 Nf6 4. Bg5 Be7 5. Nf3 h6 6. Bf4 0-0 7. e3 a6 8. c5 b6 9. b4 a5 10. a3 axb4 11. axb4 Ba6 12. Bxa6 Nxa6 13. 0-0 Nh5 14. Qa4 g5 15. Bg3 Nxg3 16. hxg3 1-0